Pasívny bytový dom

Saved in:
Bibliographic Details
Main Author: Strapko, Peter, 1981- (Author)
Other Authors: Palko, Milan, 1978- (Thesis advisor)
Format: Manuscript Book
Language:Slovak
Published: Bratislava : STU v Bratislave SvF, 2010
Subjects:
Online Access:VAIS
Tags: Add Tag
No Tags, Be the first to tag this record!

MARC

LEADER 00000ntm a22000003a 4500
001 stu216502
005 20160721135337.7
008 101116s2010----xo------------------slo-d
040 |a STU  |b slo 
041 0 |a slo 
044 |a xo 
100 1 |a Strapko, Peter,  |d 1981-  |4 aut  |X 30235  |7 A000030235 
242 0 0 |a Passive house  |y eng 
245 1 |a Pasívny bytový dom 
260 |a Bratislava :  |b STU v Bratislave SvF,  |c 2010 
650 7 |a architektonické konštrukcie a projektovanie  |2 stusub 
650 7 |a Architectural Constructions and Design  |2 estusub 
650 7 |a izolácia  |2 stusub 
650 7 |a isolation  |2 estusub 
700 1 |a Palko, Milan,  |d 1978-  |4 ths  |u V180  |U SvF Stavebná fakulta  |T SvF Katedra konštrukcií pozemných stavieb  |X 2552  |U V180  |Y 18  |7 A000002552 
856 4 |a info a plný text  |u http://is.stuba.sk/zp/portal_zp.pl?podrobnosti=63423  |3 VAIS